| 000 | 00636nam a2200157 i 4500 | ||
|---|---|---|---|
| 001 | 27086 | ||
| 003 | ES-MaACL | ||
| 005 | 20230906153545.0 | ||
| 007 | t| | ||
| 008 | 030113s1913 sp ||||1| spa d | ||
| 110 | 1 |
_aMadrid. _bAyuntamiento. _bComisión de Instrucción Pública. _95573 |
|
| 245 | 1 | 0 |
_aMemoria descriptiva de los principales asuntos que fueron objeto de estudio de la Comisión de Instrucción Pública durante el año 1912, aprobado en sesión de 16 de noviembre / _cpor el Ayuntamiento de Madrid. |
| 260 |
_aMadrid : _b[s.n., _c1913] ( _fImp. Municipal) |
||
| 300 |
_a50 p. ; _c23 cm. |
||
| 852 |
_aES-MaACL _jFol-Laf-344 |
||
| 999 |
_c27086 _d27086 |
||